[Event "Aeroflot Open A 2017"]
[Site "Moscow RUS"]
[Date "2017.02.28"]
[Round "8.24"]
[White "Blomqvist, Erik"]
[Black "Bluebaum, Matthias"]
[Result "0-1"]
[WhiteElo "2573"]
[BlackElo "2632"]
[Annotator "M.K."]
[PlyCount "88"]
[EventDate "2017.??.??"]

1. e4 c6 2. d4 d5 3. Nc3 dxe4 4. Nxe4 Bf5 5. Ng3 Bg6 6. Nh3 Nf6 7. Nf4 Nbd7 8.
h4 e5 9. dxe5 Qa5+ 10. c3 Qxe5+ 11. Qe2 Bc5 12. Nxg6 hxg6 13. Bf4 Qxe2+ 14.
Bxe2 O-O-O 15. Rd1 Rde8 16. Kf1 Ne5 (16... Ne4 17. Nxe4 Rxe4 18. g3 Ree8 19.
Bg4 f5 20. Bf3 Ne5 21. Kg2 Nxf3 22. Kxf3 Re6 23. Rd2 Rd8 24. Rxd8+ Kxd8 25. h5
Ke7 26. b4 Bd6 27. hxg6 Bxf4 28. Kxf4 Kf6 29. Kf3 Re4 30. Rd1 Rc4 31. Rd3 Kxg6
32. Ke2 Kf6 33. f3 a5 34. a3 a4 35. Kd2 b5 36. Rd7 g5 37. Kd3 Ke5 38. Re7+ Kf6
39. Rd7 Ke5 40. Rd8 f4 41. g4 Ke6 42. Rd4 Rxd4+ 43. Kxd4 Kd6 44. c4 bxc4 45.
Kxc4 Kd7 46. Kc5 Kc7 47. b5 cxb5 48. Kxb5 Kd6 49. Kxa4 Kc5 50. Kb3 Kd4 51. a4
Ke3 52. a5 Kxf3 53. a6 Ke2 54. a7 f3 55. a8=Q f2 56. Qa6+ Ke1 57. Qa5+ Kd1 58.
Qd5+ Ke1 59. Qxg5 {1-0 Kuczynski,R (2505)-Lauber,A (2517)/Germany 2010/EXT 2011
}) 17. Rh3 Nd5 18. Bc1 f5 19. Re1 Nf6 20. h5 $6 (20. Bg5) 20... Neg4 21. hxg6 (
21. f3 Nf2 22. Rh4 Nxh5 23. Nxh5 Rxh5 24. Rxh5 gxh5 25. Bc4 Rxe1+ 26. Kxe1 Kd7
$15) 21... Nh2+ 22. Rxh2 (22. Kg1 Nf3+ 23. Kf1 Nxe1 24. Kxe1 Rxh3 25. gxh3 Ne4
26. Nxf5 Bxf2+ 27. Kd1 Re6 28. Bg4 Kb8 29. Bh5 Nf6 30. Nxg7 Re1+ 31. Kc2 Rg1
32. Bf3 Rxg6 $15) 22... Rxh2 23. Bf3 Ne4 24. Bxe4 fxe4 25. Rxe4 Rxe4 26. Nxe4
Rh1+ 27. Ke2 Bxf2 28. Bf4 Bb6 29. Nd6+ Kd7 30. Nxb7 Rg1 31. Kf3 Rf1+ 32. Kg4
Rf2 33. g3 Ke6 34. b4 Rxa2 35. c4 Bd4 36. b5 cxb5 37. cxb5 Kf6 38. Kf3 Kxg6 39.
Ke4 Bf2 40. Nd6 Ra3 41. g4 Rb3 42. Be5 Rb4+ 43. Kf3 Bd4 44. Bf4 Bc5 0-1

[Event "Aeroflot Open A 2017"]
[Site "Moscow RUS"]
[Date "2017.02.27"]
[Round "7.18"]
[White "Firouzja, Alireza"]
[Black "Bluebaum, Matthias"]
[Result "1-0"]
[WhiteElo "2465"]
[BlackElo "2632"]
[Annotator "Taktische Analyse 1.03 (7s)"]
[PlyCount "83"]
[EventDate "2017.??.??"]

{Taktische Analyse aus ChessBase 14.} 1. e4 c6 2. d4 d5 3. e5 Bf5 4. Nf3 e6 5.
c3 Ne7 6. Be2 Ng6 7. h4 h5 8. Ng5 f6 9. exf6 gxf6 10. Nh3 Kd7 ({Natürlich
nicht} 10... Nxh4 $6 11. Nf4 (11. Bxh5+ Kd7 $11) 11... Ng6 12. Rxh5 $16 (12.
Bxh5 Kd7 $11)) 11. Nf4 Nxf4 $1 12. Bxf4 Qe8 (12... Qb6 $11 {bleibt in der
Remisbreite.}) 13. c4 dxc4 14. Bxc4 Qg6 15. Qb3 (15. O-O $1 $16) 15... b5 $14
16. O-O (16. Nd2 $1 $16 Qxg2 17. O-O-O) 16... Rg8 17. g3 (17. Bg3 $1 $11 Bd6
18. Be2) 17... Qg4 $1 $15 18. Re1 Bb4 $2 (18... a5 $1 $15 {behält die
Oberhand.} 19. Bxb8 Bb4) 19. Bxe6+ Bxe6 20. Rxe6 ({Nicht} 20. Qxb4 Qxf4 21.
Rxe6 Rxg3+ 22. Kf1 Kxe6 $17) 20... Qxe6 21. Qxb4 Na6 {[#]} 22. Qd2 (22. Qa3 $1
$16 Nc7 23. Nc3) 22... Rae8 $11 23. Nc3 $36 {Und weiter mit d5 wäre nett.
Weiss hat gut koordiniertes Spiel.} Nc7 $1 24. d5 Nxd5 ({Jedoch nicht} 24...
cxd5 $2 25. Rc1 $18) 25. Nxd5 Qxd5 26. Qc2 $1 {Td1 ist eine echte Drohung.} Kc8
{Droht ...Te4 und aus.} 27. Rd1 Qf3 $2 (27... Qe4 $11 28. Qc5 Qxf4 29. Qxc6+
Qc7 30. Qa8+ Qb8 31. Qc6+ Qc7 32. Qa8+ Qb8 33. Qc6+ Qc7) 28. Qf5+ $18 Kb7 {[#]}
29. Rd7+ $1 Ka8 {[#] ( -> ...Te1+)} 30. Rxa7+ $1 Kxa7 {[#]} 31. Bb8+ $1 Kxb8
32. Qxf3 {Endspiel KD-KTT} Re6 33. Qxh5 Rge8 (33... Rf8 {war nötig.} 34. Qh7
Rfe8) 34. Qf7 R8e7 35. Qg6 Kb7 36. h5 Kb6 37. g4 c5 (37... Re8 $142 38. Kg2 Rf8
) 38. h6 {Weiß steht klar auf Gewinn.} f5 {[#]} 39. gxf5 $1 Rxg6+ 40. fxg6 Re6
41. g7 Rg6+ 42. Kf1 1-0

[Event "Blindsimultan"]
[Site "Bremen"]
[Date "2017.03.09"]
[Round "1.2"]
[White "Lang, Marc"]
[Black "Lai Hop, Long"]
[Result "1-0"]
[WhiteElo "2309"]
[BlackElo "1788"]
[Annotator "M.K."]
[PlyCount "44"]
[EventDate "2017.??.??"]
[WhiteClock "0:01:47"]
[BlackClock "0:46:10"]

1. e4 c5 2. d4 cxd4 3. c3 dxc3 4. Nxc3 d6 5. Bc4 a6 6. Nf3 e6 7. O-O Nf6 8. Qe2
Be7 9. Rd1 Qc7 10. Bf4 O-O 11. Rac1 Nbd7 12. h3 Nb6 $6 (12... Ne5 $11) 13. Bb3
Qb8 14. e5 dxe5 $2 (14... Nfd5) 15. Nxe5 $2 (15. Bxe5 Qa7 16. Bd4 Rd8 17. a4
$18) 15... Bd6 16. Rxd6 $4 (16. Nd7 Bxf4 17. Nxb8 Bxc1 18. Nc6 bxc6 19. Rxc1
$14) 16... Qxd6 17. Ng6 Qc6 $4 (17... Qb4 $19 18. Qd1 Re8 19. Bd6 Qa5 $19) 18.
Ne7+ Kh8 19. Nxc6 bxc6 20. Qe3 Nbd5 21. Nxd5 cxd5 22. Be5 Re8 1-0

[Event "Blindsimultan"]
[Site "Bremen"]
[Date "2017.03.09"]
[Round "1.5"]
[White "Duan, Muxi"]
[Black "Lang, Marc"]
[Result "1/2-1/2"]
[WhiteElo "1215"]
[BlackElo "2309"]
[Annotator "M.K."]
[PlyCount "52"]
[EventDate "2017.??.??"]
[WhiteClock "0:26:38"]
[BlackClock "0:00:06"]

1. e4 e6 2. d4 d5 3. exd5 exd5 4. Bd3 Nc6 5. c3 Bd6 6. Ne2 Qf6 7. Nd2 Bg4 8.
Nb3 Nge7 9. Qc2 O-O-O 10. Ng3 Rhe8 11. Be3 h5 12. h3 h4 13. hxg4 hxg3 14. O-O-O
gxf2 15. Bxf2 Kb8 (15... Qf4+ 16. Kb1 Qxg4 $17) 16. Kb1 Ng6 17. Rdf1 Qg5 18.
Qd1 {Diagramm #} Re7 $2 19. Bxg6 $2 (19. Rh5 Qf6 20. Bh4 $18) 19... Qxg6+ 20.
Ka1 Rde8 21. Nc1 Nd8 22. g5 Ne6 23. Qd2 Bf4 24. Be3 Bxe3 25. Qxe3 Qxg5 26. Qf3
Qg6 $2 (26... c6 $17) 1/2-1/2

[Event "Blindsimultan"]
[Site "Bremen"]
[Date "2017.03.09"]
[Round "1.1"]
[White "Lang, Marc"]
[Black "Erofeev, Anastasia"]
[Result "1-0"]
[WhiteElo "2309"]
[BlackElo "1854"]
[Annotator "M.K."]
[PlyCount "71"]
[EventDate "2017.??.??"]
[WhiteClock "0:00:11"]
[BlackClock "0:27:16"]

1. e4 e5 2. Nf3 Nc6 3. Bc4 Bc5 4. c3 Nf6 5. d4 exd4 6. O-O Nxe4 7. cxd4 Bb4 $2
(7... d5 $1 8. dxc5 dxc4 9. Qe2 Qd3 10. Re1 f5 11. Nc3 O-O 12. Nxe4 fxe4 13.
Qxe4 Bf5 $11 {1/2-1/2 Petrosian,T (2539)-Grischuk,A (2719)/playchess.com INT
2004/CBM 099 Extra (49)}) 8. d5 Na5 $4 (8... Ne7 9. Qd4 Nf6 10. Bb3 c5 11. dxc6
Nxc6 12. Qh4 O-O 13. Rd1 d5 14. Bg5 Be7 15. Nc3 $44 Be6 {0-1 Torre,E (2449)
-Gomez,J (2524)/Ho Chi Minh City 2015/CBM 165 Extra (65)}) 9. Bd3 Qe7 10. a3
$18 (10. Bxe4 $18) 10... Nxf2 11. Rxf2 Bc5 12. Nc3 $2 (12. b4 $18) 12... Bxf2+
13. Kxf2 b6 14. Bg5 f6 15. Bf4 O-O 16. Qc2 h6 17. Re1 Qd8 18. b4 Nb7 19. Nb5 d6
20. Nxc7 Rb8 21. Nb5 Ra8 22. Nfd4 Rf7 23. Bg6 Rf8 24. Nc6 Qd7 25. Bf5 Qf7 26.
Ne7+ Kh8 27. Ng6+ Kg8 28. Nxf8 Bxf5 29. Qxf5 Rxf8 30. Qe6 a6 31. Nxd6 Nxd6 32.
Bxd6 Rd8 33. Qxf7+ Kxf7 34. Re6 Rc8 35. Re7+ Kg6 36. Bc7 1-0

[Event "Blindsimultan"]
[Site "Bremen"]
[Date "2017.03.09"]
[Round "1.4"]
[White "Lang, Marc"]
[Black "Adaschkiewitz, Wolfgang"]
[Result "1-0"]
[WhiteElo "2309"]
[BlackElo "1711"]
[Annotator "M.K."]
[PlyCount "39"]
[EventDate "2017.??.??"]
[WhiteClock "0:00:02"]
[BlackClock "0:50:34"]

1. d4 Nf6 2. Nf3 d6 3. c4 g6 4. Nc3 Bg7 5. e4 O-O 6. Be2 e5 7. O-O Nc6 8. dxe5
Nxe5 9. Nxe5 dxe5 10. Be3 c6 11. Qa4 a6 12. Rfd1 Qc7 13. b4 Be6 14. Rac1 Rfd8
15. Qa5 Qxa5 16. bxa5 Nd7 (16... Bf8 17. Rxd8 (17. Rb1 Rxd1+ 18. Bxd1 Rd8 19.
Be2 (19. Rxb7 $4 Nxe4) 19... Bc8 $11) 17... Rxd8 18. Rb1 Bc8 $11) 17. Na4 Bf8
18. Rb1 Rab8 19. Ba7 Ra8 20. Rxb7 {ZÜ} 1-0

[Event "Blindsimultan"]
[Site "Bremen"]
[Date "2017.03.09"]
[Round "1.3"]
[White "Lang, Marc"]
[Black "Evering, Sören"]
[Result "1-0"]
[WhiteElo "2309"]
[BlackElo "1708"]
[PlyCount "49"]
[EventDate "2017.??.??"]
[WhiteClock "0:00:03"]
[BlackClock "0:30:51"]

1. d4 Nf6 2. c4 e6 3. Nc3 Bb4 4. f3 O-O 5. a3 Bxc3+ 6. bxc3 d5 7. cxd5 exd5 8.
e3 Re8 9. Bd3 c5 10. Ne2 Nc6 11. O-O Bd7 12. Ng3 Rc8 13. Ra2 Ne7 14. e4 dxe4
15. fxe4 cxd4 16. cxd4 Bg4 17. Be2 Bxe2 18. Rxe2 Nc6 19. Bb2 Na5 20. d5 Nd7 21.
Ref2 Rf8 22. Qg4 f6 23. Nh5 Rf7 24. e5 Nxe5 25. Bxe5 1-0

[Event "Nord-West-Cup (Bad Zwischenahn)"]
[Site "?"]
[Date "2017.01.27"]
[Round "2"]
[White "Wachinger, Nikolas"]
[Black "Schmuecker, Markus"]
[Result "1-0"]
[WhiteElo "1903"]
[BlackElo "2265"]
[Annotator "Nikolas Wachinger"]
[PlyCount "87"]
[EventDate "2017.??.??"]

1. e4 e6 2. d4 d5 3. Nd2 Nf6 4. e5 Nfd7 5. Bd3 c5 6. c3 Nc6 7. Ne2 cxd4 8. cxd4
f6 9. exf6 Nxf6 10. O-O Bd6 11. Nf3 {[%cal Gc1f4] In dieser Stellung hat Weiß
die Idee, mit Lf4 fortzusetzen. Die meisten Schwarzspieler versuchen, den
Abtausch ihres starken Schwarzfeldrigen Läufers mit 11...Dc7 zu verhindern.
Schwarz bevorzugte allerdings} O-O 12. Bf4 Bxf4 13. Nxf4 Ne4 {Schwarz nimmt
den Läufertausch in Kauf und hofft, im Gegenzug durch aktives Figurenspiel
taktische Möglichkeiten gegen den weißen König zu erhalten.} 14. Qc1 {
[%cal Gc1e3] Weiß deckt seinen Springer auf f4 und macht sich bereit, die
Dame nach e3 zu überführen, von wo aus sie den Springer e4 angreift. Nach}
Ng5 15. Nxg5 Qxg5 {[%cal Rg5f4,Rc6d4] [#] sieht es zunächst so aus, als ob
Schwarz alle seine Probleme lösen konnte. Er steht sehr aktiv und übt viel
Druck auf die weiße Stellung aus. Aber} 16. Bxh7+ $1 {wickelt taktisch in ein
etwas besseres Endspiel für Weiß ab.} Kxh7 17. Nxe6 Qf5 (17... Qxc1 18. Nxf8+
Kg8 19. Raxc1 Kxf8 {führt zu einem sehr ähnlichen Endspiel wie in der Partie.
}) 18. Nxf8+ Qxf8 19. Qg5 Qd6 (19... Bf5 {wäre auch möglich gewesen, aber
nach} 20. Rfe1 Qf7 21. f3 $1 Qg6 22. Qxg6+ Kxg6 23. Rad1 $14 {erhält Weiß
wieder eine ähnliche, etwas bessere Version des Endspiels als in der Partie.})
20. Qh5+ Kg8 21. Qe8+ Qf8 22. Qxf8+ Kxf8 {[#] Durch die ganze Abwicklung hat
Weiß nun ein Endspiel erreicht, in dem er sehr gute Gewinnchancen besitzt. Er
hat einen Turm und zwei Bauern für die zwei Figuren. Die zwei Figuren,
insbesondere der Springer, brauchen Stützpunkte, welche hier nicht vorhanden
sind. e4 kann leicht mit f2-f3 kontrolliert werden und wenn eine Figur auf c4
auftaucht, kann sie jederzeit mit b2-b3 verscheucht werden.} 23. Rfe1 Bf5 24.
Re3 Rd8 {Schwarz deckt seinen Bauern mit dem Turm, um mit seinen beiden
Leichtfiguren herummanövrieren zu können. Diesen Job würde der schwarze
König liebend gerne übernehmen, er kann dem Bauern d5 jedoch nicht zur Hilfe
eilen, da er vom Turm auf e3 abgeschnitten wird.} 25. Rd1 {[%cal Ge3f3] Weiß
tut es ihm gleich und deckt seinen d4-Bauern. Dies droht nun unangenehm Te3-f3,
was aufgrund der Fesselung auf der f-Linie eine Figur einsacken würde.} Kg8
26. f3 (26. h4 {[%cal Gf2f3,Gg2g4,Gh4g5,Rg7g5] wäre hier vermutlich die
bessere Option gewesen. Es nimmt schwarzes g7-g5 aus dem Spiel und bereitet
sich vor, mit f2-f3 und g2-g4 am Königsflügel vorzustürmen.}) 26... Rd7 (
26... g5 {hätte es für Weiß etwas erschwert, Fortschritte am Königsflügel
zu machen. Weiß steht immer noch besser, muss seinem Bauernsturm aber noch
ein paar mehr Vorbereitungszüge widmen.}) 27. g4 Bh7 28. h4 Kf7 29. Kf2 Bc2
30. Rd2 Bb1 {[#]} 31. b4 $5 {Weiß gewinnt mehr Raum und nimmt dem schwarzen
Springer das Feld a5 weg. a5 war eine der letzten Chancen für Schwarz, einen
Stützpunkt für seinen Springer zu erlangen.} Bh7 32. a3 a6 33. Kg3 Na7 {
[%cal Ga7b5,Gb5d6,Gd6c4] Schwarz versucht, über b5 und d6 irgendwie doch noch
an seinen Stützpunkt zu kommen, aber Weiß ist am Königsflügel schon sehr
fortgeschritten.} 34. h5 g6 35. hxg6+ Bxg6 $6 (35... Kxg6 36. f4 Nb5 {hätte
vielleicht etwas mehr Widerstand geleistet, aber nach} 37. f5+ Kg5 38. Rh2 {
sollte die Stellung dennoch auseinanderfliegen.}) 36. f4 $1 {[#] Dieser Zug
ermöglicht dem Schwarzen zwar Stützpunkte, aber Weiß ist am Königsflügel
schon viel zu weit vorgedrungen. Schwarz muss} Be4 {spielen, um sich nach
f4-f5 mit dem Läufer nicht nach h7 verkriechen zu müssen.} 37. f5 Nb5 38. Kf4
$18 {[%cal Gd2h2,Ge3h3] Weiß kann nun einfach auf der H-Linie in die schwarze
Stellung eindringen und steht bereits vollkommen auf Gewinn.} Nd6 39. Rh2 Kg8
40. Reh3 Rg7 41. Rh8+ Kf7 42. R2h6 Nc4 43. Rb8 b6 44. Rc6 {[#]} 1-0

[Event "NWC"]
[Site "?"]
[Date "2017.01.29"]
[Round "?"]
[White "Schneider, Ilja"]
[Black "Meins, Gerlef"]
[Result "1-0"]
[WhiteElo "2517"]
[BlackElo "2413"]
[Annotator "Matthias Krallmann"]
[PlyCount "63"]
[EventDate "2017.??.??"]

1. d4 d5 2. Nf3 Nf6 3. c4 dxc4 4. e3 b5 5. a4 b4 6. Bxc4 e6 7. O-O Bb7 8. b3
Nbd7 9. Bb2 Be7 10. Nbd2 O-O 11. Qe2 c5 12. Rfd1 Nd5 (12... Qa5 13. Rac1 Rac8 (
13... cxd4 14. Nxd4 Nc5 15. Bb5 Rac8 16. N4f3 a6 17. Bc4 Nd5 18. Bxd5 Bxd5 $11
{0-1 Svane,R (2513)-Piorun,K (2546)/Stroebeck 2015/CBM 166 Extra (50)}) 14. Bb5
a6 15. Bd3 cxd4 16. Nc4 Qh5 17. Nxd4 Qxe2 18. Bxe2 Nc5 19. f3 Rfd8 20. Rc2 {
1/2-1/2 Svane,R (2531)-Fridman,D (2639)/Biel 2015/CBM 167 Extra}) 13. Rac1 cxd4
14. Nxd4 (14. Bxd4 Qa5 15. Bxd5 exd5 16. Ne5 Nxe5 17. Bxe5 Rfc8 18. Bd4 (18.
Qg4 Bf8 19. Qd7 Qa6 20. Nf3 $14) 18... Bf8 19. Nf3 f6 20. h3 a6 21. Qd2 Qd8 22.
Rxc8 Rxc8 23. Rc1 Rxc1+ 24. Qxc1 Qc8 25. Qxc8 Bxc8 26. Bb6 Bf5 27. Nd4 Bd3 {
1/2-1/2 Tunik,G (2420)-Romanov,E (2577)/Golden Sands 2015/CBM 167 Extra}) 14...
Nc5 15. N2f3 Qb6 16. Ne5 Rad8 17. a5 Qc7 18. a6 Ba8 19. Nb5 Qb8 20. Bd4 Ne4 $2
21. Bxd5 $2 (21. f4 Nec3 22. Nxc3 bxc3 23. Bxd5 Bxd5 24. Rxc3 $16) 21... Rxd5
22. Nc7 Nc3 (22... Rxd4 23. exd4 Nc3 24. Rxc3 bxc3 25. Nxa8 Qxa8 26. Rc1 Rc8
27. Qh5 g6 28. Qh3 Bb4 29. Qe3 $11) 23. Bxc3 $2 (23. Rxc3 bxc3 24. Nxd5 Bxd5
25. Rc1 Qxb3 26. Rxc3 $11) 23... Rxd1+ 24. Qxd1 bxc3 25. Rxc3 Rd8 26. Qc1 $4 {
[#] In dieser Stellung hatte Gerlef die große Chance mit einem
Ablenkungsmotiv, welches auf der Grundreihenschwäche des Weißen basiert,
entscheidenden Vorteil zu erlangen.} (26. Qe2 Bd6 27. Nxf7 Kxf7 28. Qh5+ Kg8
29. Nxe6 Bxh2+ 30. Kf1 Qe5 $17) 26... Bf6 (26... Ba3 $1 27. Qf1 (27. Qb1 Be4 (
27... Bb2 28. Rd3 Bxe5 $19) 28. Qe1 Bd6 $19) 27... Bb2 28. Nxa8 Bxc3 29. Nc6
Qxa8 $19) 27. f4 Bxe5 28. fxe5 Be4 29. Qf1 Rd2 (29... h6 30. Qb5 Rd1+ 31. Kf2
Qd8 $11) 30. Nb5 {[#] Die schwarze Stellung ist noch in Ordnung. Doch nach dem
folgenden Fehler entscheidet die Grundreihenschwäche des Schwarzen die Partie.
} Rxg2+ $4 (30... Bxg2 31. Qc4 h6 32. Qc8+ Qxc8 33. Rxc8+ Kh7 34. Rc7 Bh3 35.
Rxa7 Rg2+ 36. Kf1 Rb2+ 37. Ke1 Rxb3 38. Rb7 Bg2 39. Rb6 Rb2 $11) 31. Qxg2 Bxg2
32. Nxa7 (32. Nd6 Be4 33. Rc8+ Qxc8 34. Nxc8 Bd3 35. Nxa7 Bxa6 {dürfte Gelef
berechnet und als haltbar für Schwarz eingeschätzt haben. Aber der Textzug
ist eine Schneide gründlicher.}) 1-0

[Event "NWC"]
[Site "?"]
[Date "2017.01.27"]
[Round "?"]
[White "Meins, Gerlef"]
[Black "Höffer, David"]
[Result "1-0"]
[WhiteElo "2413"]
[BlackElo "2298"]
[Annotator "Matthias Krallmann"]
[PlyCount "71"]
[EventDate "2017.??.??"]

1. d4 Nf6 2. Nf3 g6 3. c4 Bg7 4. Nc3 O-O 5. e4 d6 6. Be2 e5 7. O-O Nc6 8. d5
Ne7 9. b4 a5 10. Ba3 axb4 11. Bxb4 b6 12. a4 Re8 13. Qd2 {[#] Der Zug bereitet
die Schwerfigurenverdopplung auf der d-Linie vor. Diese ist zwar geschlossen,
aber Schwarz möchte, sobald Weiß a5 spielt, den Konter c5 ansetzten. Nach
dxc6 Sxc6 ist dann der weiße Läufer auf b4 und der Bauer auf a5 angegriffen.
Das ist ein häufiges Motiv in dieser Variante.} (13. Re1 Bf8 14. Bf1 c5 15.
Ba3 Bg7 16. Bb2 Rf8 17. Nb5 Ne8 18. Nd2 f5 19. Bc3 f4 20. a5 bxa5 21. Ra4 g5
22. Qa1 Ng6 23. Rxa5 Rxa5 24. Qxa5 Qf6 25. Rb1 f3 26. g3 h5 27. Na7 Bg4 28. Nc6
h4 29. Qd8 (29. Rb7 Bh6 30. Qb5 Ng7 31. Ra7 Kh7 32. Qb7 Nh8 33. Qb2 $16) 29...
hxg3 30. hxg3 {1/2-1/2 Fressinet,L (2700)-Grischuk,A (2764)/Beijing 2012/EXT
2014 (42)}) 13... Bf8 (13... c5 14. Ba3 Rf8 15. Rfb1 Ne8 16. Bc1 Ra6 17. Rb3
Bd7 18. Rba3 f5 19. Qa2 Nf6 20. Nd2 Bh6 $11 21. exf5 {1/2-1/2 Babula,V (2559)
-Andersen, M (2459)/Reykjavik 2015/ CBM 170 (48)}) 14. Rfd1 Bb7 (14... Bg4 15.
h3 c5 16. dxc6 Bxf3 17. c7 Qxc7 18. Nb5 Qd7 19. Bxf3 Nc6 20. Bxd6 Rec8 21. Qg5
Be7 22. Bxe5 Qe6 23. Bb2 Nxe4 24. Qh6 Bf8 25. Qf4 f5 26. Nc7 Rxc7 27. Qxc7 Ra7
28. Qxb6 Bc5 29. Bxe4 {1-0 Rau,H (2310)-Bindrich,O (2157)/Fuerth 2002/CBM 090
Extra}) 15. a5 c5 16. dxc6 Nxc6 17. Bxd6 Rxa5 (17... Bxd6 18. Qxd6 Rxa5 19.
Rab1 Kg7 20. Qxd8 Nxd8 21. Nd2 Re6 22. Nd5 $14) 18. Rxa5 bxa5 19. c5 Nd4 20.
Nxd4 exd4 21. Qxd4 (21. Bxf8 Kxf8 (21... Rxf8 22. f3 Bc6 23. Nb5 Bxb5 24. Bxb5
Qb8 25. Bc4 $16) 22. f3 (22. Bb5 Nxe4 23. Qh6+ Kg8 24. Bxe8 Nxc3 25. Re1 Bd5
$11) 22... Re5 $11) 21... Nxe4 22. Nxe4 Rxe4 23. Qd2 Bg7 $2 (23... Rb4 24. Bf1
(24. c6 Qxd6 25. Qxd6 Bxd6 26. cxb7 Bc7 $11) 24... Bc6 $11) 24. Rb1 {[#]} Qe8
$4 (24... Rb4 25. Rxb4 axb4 26. Qxb4 $16) 25. Bb5 $4 (25. Bf3 $18 h5 26. h3 Rd4
27. Qe3 Qxe3 28. fxe3 Bxf3 29. Rb8+ Kh7 30. exd4 Bxd4+ 31. Kh2 Bc6 32. Rc8 $18)
25... Qa8 26. f3 Rd4 27. Qe2 Rb4 28. Rxb4 $6 (28. Re1 $14) 28... axb4 29. Bc4
$4 (29. Be5 Qc8 30. c6 Bxc6 31. Bxg7 Bxb5 32. Qxb5 Qc1+ 33. Kf2 Qd2+ $17) 29...
Bd4+ 30. Kf1 Qa1+ 31. Qe1 Ba6 32. Be2 {[#]} b3 $4 {Der letzte Fehler
entscheidet. Oder: "Eine Partie mit sehr wechselvollem Verlauf" (Gerlef).} (
32... Bxe2+ 33. Kxe2 Qa6+ 34. Kd1 Qa4+ 35. Ke2 Qb5+ 36. Kd1 b3 $19) 33. Qxa1
$18 Bxe2+ 34. Kxe2 Bxa1 35. Kd3 Bd4 36. c6 1-0

[Event "NWC"]
[Site "?"]
[Date "2017.??.??"]
[Round "?"]
[White "Erofeev, Anastasia"]
[Black "De Vries, Carsten"]
[Result "1/2-1/2"]
[WhiteElo "1947"]
[BlackElo "1895"]
[Annotator "Anastasia Erofeev"]
[PlyCount "37"]
[EventDate "2017.??.??"]

1. e4 c5 2. Nf3 e6 3. d4 cxd4 4. Nxd4 Nc6 5. Nc3 Qc7 6. Ndb5 Qb8 7. Be3 a6 8.
Nd4 (8. Bb6 axb5 9. Nxb5 Bb4+ 10. c3 Ba5 11. Nc7+ Qxc7 (11... Ke7 12. Bc5+ (12.
Nxa8 Qxa8 13. Bxa5 Qxa5 14. Be2 Nf6 15. f3 Rd8 16. b4 Qb6 17. a4 d5) 12... Kd8
13. Nxa8 Qxa8 14. Qg4 g6 15. Qf4 Ke8) 12. Bxc7 Bxc7 13. Qg4 Be5 14. f4 Nf6 15.
Qf3 Bc7 16. Bd3 d6 17. O-O h5 18. a4 e5 19. f5 b6 20. Bb5 Bb7 21. Qe2 Rc8 22.
Ba6 Bxa6 23. Qxa6 O-O 24. Rad1 (24. b4 d5 25. exd5 Nxd5 26. a5 Nce7 27. c4 (27.
Qd3 Rfd8 28. Qf3 bxa5 29. bxa5 Bb8 30. Qxh5 Rxc3 31. Ra4 Ba7+ 32. Kh1 Ne3 33.
Rh4 Kf8 34. Qg5 Rcd3 35. f6 Ng6 36. fxg7+ Kg8 37. Qh6 (37. Rh8+ Nxh8 38.
gxh8=Q+ Kxh8 39. Qf6+ Kh7 40. Qxf7+ Kh8 41. Qh5+ Kg8 42. Qg5+ Kh8 43. Qxe5+ Kg8
44. Qe6+ Kh8 45. Qh3+ Kg8 46. Qe6+ Kh8 47. Qf6+ Kg8 48. Qf7+ Kh8 49. Qxa7 Nxf1
50. h3 Ng3+ 51. Kh2 Rg8 52. Qb6 Rg7 53. Qh6+ Kg8 54. Qe6+ Kh8)) 27... Nxb4 28.
Qb5 bxa5) 24... Ne7 25. Qb7 Rfd8 26. Kh1 Ne8 27. Qa6 Nf6 28. Rfe1 Ra8 29. Qc4
Rdc8 30. Qb3 Kf8 31. Qc2 Kg8 32. Rd3 d5 33. exd5 Nexd5 34. Red1 Nf4 35. Re3 e4
36. Rxe4 Nxe4 37. Qxe4 Re8 38. Qc4 Rad8 39. Rxd8 Rxd8 40. Kg1 Be5 41. g3 Nd5
42. Qe2 Bd6 43. Qxh5 Bc5+ 44. Kg2 Ne3+ 45. Kf3 Rd5 46. b4 Rxf5+ 47. Qxf5 Nxf5
48. bxc5 bxc5 49. a5 Nd6 50. a6 Nc8 51. Ke4 Kf8 52. Kd5 Ke7 53. Kc6 Kd8 54. c4
Na7+ 55. Kb6 f5 56. h4 g6 57. Kxc5 Kc7 58. Kd5 Nc6 59. a7 Nxa7 60. Ke6 Nc6 61.
Kf6 Kd6 62. Kxg6 Ke6 63. c5 Ne7+ 64. Kg5 Kf7 65. h5 Kg7 66. h6+ Kf7 67. c6 Nxc6
68. Kxf5 Ne7+ {1/2-1/2 Rodriguez Vila,A (2498)-De Haan,E (2355)/Porto San
Giorgio 2016/CBM 174 Extra}) 8... Nf6 9. f3 (9. Be2 Bd6 10. Qd2 b5 11. Rd1 Nxd4
12. Bxd4 Bf4 13. Qd3 b4 (13... O-O 14. g3 (14. Qf3 Bb7 15. Bxf6 gxf6 16. Rxd7 (
16. Qg4+ Kh8 17. Rxd7 b4 (17... Bc6 18. Rd3 Rg8 19. Qh5 Rg6 20. Rh3 h6 21. Bd3
Qe5 22. g3 Qxh5 23. Rxh5 Be5 24. f4 Bxc3+ 25. bxc3 Rc8 26. Rc5 Rgg8 27. Rf1 Bb7
28. Rxc8 Rxc8 29. Kd2 Kg7 30. Rb1 Rc7 31. Rb4 Bc6 32. c4 (32. Rd4 Bb7 33. Rd6
Kf8 34. Rd8+ (34. Rb6 Ke7 35. a4 bxa4 36. Rb4 a5 37. Rxa4 Rc5) (34. f5 Ke7 35.
Rb6) 34... Kg7 35. f5 Bc8) 32... a5))) 14... Bc7 15. Bc5 Re8) 14. Na4) 9... Qc7
10. Nxc6 bxc6 11. Be2 d5 12. exd5 (12. O-O dxe4 13. Nxe4 Nxe4 14. fxe4 Bd6 15.
h3 O-O) 12... cxd5 13. Qd2 Bb4 14. O-O O-O {[#]} 15. Bg5 $5 d4 $6 (15... Nd7
16. Nxd5 Bxd2 17. Nxc7 Bxg5 18. Nxa8 Bd8 19. Rfd1 Nc5 20. Rd6 Bb7 21. Rad1 Be7
22. Nb6 Bxd6 23. Rxd6) 16. Bxf6 $1 $11 gxf6 17. Qh6 dxc3 18. Bd3 f5 19. Qg5+
1/2-1/2

[Event "Nord-West Cup"]
[Site "?"]
[Date "2017.01.26"]
[Round "1"]
[White "Kardoeus, David"]
[Black "Weber, Dennis"]
[Result "1-0"]
[WhiteElo "2173"]
[BlackElo "1939"]
[PlyCount "45"]
[EventDate "2017.??.??"]

1. e4 d5 2. exd5 Nf6 3. d4 Nxd5 4. Nf3 e6 5. c4 Nf6 6. Nc3 h6 7. Be2 Nbd7 8.
O-O Bd6 9. Nb5 b6 10. Nxd6+ cxd6 11. Bf4 Qe7 12. Qa4 Nh5 13. Qc6 Nxf4 14. Qxa8
Nxe2+ 15. Kh1 O-O 16. Qe4 Nxd4 17. Qxd4 Nf6 18. Rad1 Rd8 19. Rfe1 Rd7 20. a4
Bb7 21. Re3 e5 22. Qh4 g5 23. Nxg5 1-0

[Event "Nord-West Cup"]
[Site "?"]
[Date "2017.01.27"]
[Round "2"]
[White "Spiess, Thomas"]
[Black "Kardoeus, David"]
[Result "0-1"]
[WhiteElo "2008"]
[BlackElo "2173"]
[PlyCount "82"]
[EventDate "2017.??.??"]

1. Nf3 Nf6 2. c4 g6 3. Nc3 Bg7 4. e4 d6 5. d4 O-O 6. Be2 e5 7. O-O Nc6 8. d5
Ne7 9. Ne1 Nd7 10. Be3 f5 11. f3 f4 12. Bf2 g5 13. Rc1 Ng6 14. Nb5 b6 15. b4 a6
16. Nc3 Rf7 17. Nd3 h5 18. c5 Bf8 19. Na4 Rg7 20. cxb6 cxb6 21. Rc6 g4 22. fxg4
Nh4 23. h3 Qg5 24. Qe1 Nxg2 25. Kxg2 Qg6 26. Bf3 Nf6 27. Rg1 hxg4 28. hxg4 Nxg4
29. Bxg4 Bxg4 30. Nxe5 f3+ 31. Nxf3 Re8 32. Nc3 Qh5 33. Nh4 Be7 34. Rc7 Rf8 35.
Kh2 Rf3 36. Rxe7 Rxe7 37. Bg3 Rg7 38. Bxd6 Rh3+ 39. Kg2 Rxh4 40. Bg3 Rh2+ 41.
Bxh2 Qh3+ 0-1